00711nam a2200193 4500001000700000003000900007005001700016007000300033008004100036245009300077250001200170260004600182300002200228500005400250710004100304852003200345999001900377952012100396144492ES-MaACL20230906201029.0t|070214s1957 sp r ||||1| spa d00aSituación jurídica del trabajador en la empresa b: textos para la Escuela Sindical. a7ª ed. a[S. l. : bs. n., c1957] (fImp. Pueblo) a111 p. ; c17 cm. aPrecede al tít.: Centro de Estudios Sindicales.2 aCentro de Estudios Sindicales.92669 aES-MaACLjC-14748 bR.41441 c144492d144492 00104070aATENEOMbATENEOMcFICHd2008-01-17eSCl0oC-14748p1150336r2023-02-23 00:00:00w2023-02-23yMONOGRAFIA